Bytový dom

Saved in:
Bibliographic Details
Main Author: Targošová, Klaudia (Author)
Other Authors: Hraška, Jozef (Thesis advisor)
Format: Manuscript Book
Language:Slovak
Published: 2020
Subjects:
Online Access:http://is.stuba.sk/zp/portal_zp.pl?podrobnosti=124914
https://opac.crzp.sk/?fn=detailBiblioForm&sid=71CC5F4445049D8B5BC03E2E66E0
Tags: Add Tag
No Tags, Be the first to tag this record!

MARC

LEADER 00000ntm a22000003a 4500
001 stuzp72951
003 SK-STU
005 20230524125624.5
007 ta
008 150427s2015----xo-----f-mn---000-0-slo-d
040 |a STU  |b slo 
041 0 |a slo 
100 1 |a Targošová, Klaudia  |u 010180  |4 aut  |U SvF Stavebná fakulta  |T SvF Katedra konštrukcií pozemných stavieb  |X 81210  |U V180  |Y 18  |7 81210 
242 0 1 |a Dwelling house  |y eng 
245 1 0 |a Bytový dom 
260 |c 2020 
650 4 |a bytový dom  |2 slo 
650 4 |a projekt pre realizáciu stavby  |2 slo 
650 4 |a bakalárska práca  |2 slo 
650 4 |a resindential building  |2 eng 
650 4 |a construction project  |2 eng 
650 4 |a bachelor thesis  |2 eng 
700 1 |a Hraška, Jozef  |u 010180  |k Z1  |4 ths  |U SvF Stavebná fakulta  |T SvF Katedra konštrukcií pozemných stavieb  |X 899  |U V180  |Y 18  |7 A000000899 
856 4 |u http://is.stuba.sk/zp/portal_zp.pl?podrobnosti=124914 
856 4 |u https://opac.crzp.sk/?fn=detailBiblioForm&sid=71CC5F4445049D8B5BC03E2E66E0